Buku sains saya tentang magnets

Bibliographic Details
Main Author: Ardley, Neil
Format: Book
Published: Kuala Lumpur : DBP , 1992
Series:Buku sains saya tentang..
Subjects:

MARC

LEADER 00000cam a2200000 7i4500
001 0000003964
002 000004269
005 20000330.0
020 |a 9836229647 
090 0 0 |a J 030   |b ARD 
100 1 |a Ardley, Neil 
245 1 0 |a Buku sains saya tentang magnets   |c Neil Ardley 
260 |a Kuala Lumpur :   |b DBP ,   |c 1992 
300 |a 29 p. ;   |c 24 cm. 
490 0 |a Buku sains saya tentang.. 
650 0 0 |a Science projects   |x Juvenile literature 
999 |a 037079   |b BUKU   |c PINJAMAN   |e PERPUSTAKAAN KOMUNITI PETALING JAYA